000 01337nam a2200337 4500
003 EG-GICUC
005 20260121101446.0
008 251209s1973 ua ||||fr|||| 001 0 ara d
017 _a19735033
040 _a EG-GICUC
_bara
_c EG-GICUC
_d EG-GICUC
_erda
041 _aara
082 0 4 _221
_a341.6
_bح س . س
092 0 4 _221
099 _aLaw1 11 341.6 ح س . س 1973
100 0 _aحسن صبرى الخولى
_eمؤلف.
245 1 0 _aسياسة الإستعمار والصهيونية تجاة فلسطين فى النصف الأول من القرن العشرين.
_nالمجلد الاول /
_cحسن صبرى الخولى.
246 _a=lmperlalist andzlonist policy
264 1 _aالقاهرة :
_bدار المعارف،
_c1973.
300 _a931 صفحة ؛
_c24 سم.
336 _2rda content
_atext
337 _2rda media
_aComputer
338 _2rda carrier
_aOnline Resource
500 _aيشتمل على فهرس بالأعلام وغيرها (ص. 873-917).
504 _aيحتوي على اراجاعات ببليوجرافية يحتوي على قائمة بالمراجع.
650 1 4 _aالقانون الحربى
_2qrmak
650 1 4 _aاستعمار
651 1 _2qrmak
856 4 0 _uhttps://fll.law.cu.edu.eg/fulltext/bks/B11-05417.pdf
905 _a75
_eHassnaa
942 _2ddc
_n0
_cBK
_e21
999 _c49420
_d49420